000 00267nam a22001217a 4500
008 180109b xxu||||| |||| 00| 0 eng d
041 _aeng
080 _a616.8
100 _a7
101 _aNEU
245 _aHANDBOOK NEUROPSYCHOLOGY
_cHENDLER.J.A
942 _2udc
_cBK
999 _c39856
_d39856